|
|
|
|
| LEADER |
00000nam0a2200000 4500 |
| 001 |
260868 |
| 005 |
20231101233520.0 |
| 010 |
|
|
|a 5335000732
|
| 035 |
|
|
|a (RuTPU)RU\TPU\book\283838
|
| 090 |
|
|
|a 260868
|
| 100 |
|
|
|a 20140519d1988 km y0rusy50 ca
|
| 101 |
0 |
|
|a rus
|
| 102 |
|
|
|a UA
|
| 105 |
|
|
|a a g 001zy
|
| 200 |
1 |
|
|a Справочник по устройствам цифровой обработки информации
|f под ред. В. Н. Яковлева
|
| 210 |
|
|
|a Киев
|c Тэхника
|d 1988
|
| 215 |
|
|
|a 415 с.
|c ил.
|
| 320 |
|
|
|a Библиография в конце глав.
|
| 606 |
1 |
|
|a Информации теория
|2 stltpush
|3 (RuTPU)RU\TPU\subj\12892
|9 39595
|
| 610 |
1 |
|
|a цифровая обработка
|
| 610 |
1 |
|
|a устройства
|
| 610 |
1 |
|
|a элементная база
|
| 610 |
1 |
|
|a микропроцессорные средства
|
| 610 |
1 |
|
|a цифровые фильтры
|
| 610 |
1 |
|
|a анализ
|
| 610 |
1 |
|
|a синтез
|
| 610 |
1 |
|
|a применение
|
| 610 |
1 |
|
|a микросхемы
|
| 610 |
1 |
|
|a справочники
|
| 675 |
|
|
|a 621.391(035)
|v 3
|
| 702 |
|
1 |
|a Яковлев
|b В. Н.
|g Василий Николаевич
|4 340
|
| 801 |
|
1 |
|a RU
|b 63413507
|c 20140519
|
| 801 |
|
2 |
|a RU
|b 63413507
|c 20150320
|g RCR
|
| 942 |
|
|
|c BK
|